000
00338nam a22001457a 4500
008
230517b ||||| |||| 00| 0 eng d
020
_a
9781506357096
041
_a
eng
080
_2
7 EDITION
_a
33
082
_a
33KET
100
_a
23
101
_a
ADM
245
_a
POLITICS OF THE ADMINITRATIVE PROCESS
_c
KETTL.F.D
942
_2
udc
_c
BK
999
_c
59768
_d
59768